000 00890cam a22002417i 4500
999 _c7739
_d7739
003 OSt
005 20200518124217.0
008 150715s2015 dcuab b 000 0 eng d
020 _a9781610916929
082 0 4 _a333.73
_223
100 1 _aFirehock, Karen,
_eauthor.
245 1 0 _aStrategic green infrastructure planning :
_ba multi-scale approach /
_cby Karen Firehock and R. Andrew Walker, the Green Infrastructure Center Inc.
300 _axiii, 138 pages :
_bcolor illustrations, color maps ;
_c28 cm
504 _aIncludes bibliographical references (pages 135-138)
650 0 _aLand use
_xPlanning.
650 0 _aLand use
_xEnvironmental aspects.
650 0 _aSustainable development.
650 7 _aLand use
_xEnvironmental aspects.
_2fast
650 7 _aLand use
_xPlanning.
_2fast
650 7 _aSustainable development.
_2fast
700 1 _aWalker, R. Andrew,
_eauthor.
942 _2ddc